Neurociencias y espíritu: ¿abiertos a una vida eterna?: actas de las X Jornadas Universitarias de Cultura Humanística en Montserrat

Guardat en:
Dades bibliogràfiques
Autor principal: Tragan, Pius-Ramón (Autor)
Format: Llibre
Idioma:espanyol
Publicat: Estella Verbo Divino 2012
Edició:1a. ed
Matèries:
Etiquetes: Afegir etiqueta
Sense etiquetes, Sigues el primer a etiquetar aquest registre!

MARC

LEADER 00000cam a2200000 a 4500
001 UCC1884
003 CL-VaPUC
005 20250227152957.0
008 171201e20120000sp 1 spa d
020 |a 9788499452647 
082 0 4 |a 248.894  |b TRA  |2 21 
100 1 |a Tragan, Pius-Ramón  |e author  |9 622319 
245 1 0 |a Neurociencias y espíritu: ¿abiertos a una vida eterna?: actas de las X Jornadas Universitarias de Cultura Humanística en Montserrat 
250 |a 1a. ed 
260 |a Estella  |b Verbo Divino  |c 2012 
300 |a 259 p 
583 |a last modification  |c 20190909 09:44:57  |k Rodrigo Vera 
650 0 0 |a Neurociencias  |9 424346 
650 0 0 |a Espiritualidad   |9 267331 
650 0 0 |a Experiencia religiosa  |9 315549 
650 0 0 |a Vida eterna  |9 540336 
942 |c BK 
945 |a arojas  |d 20171201 13:56:00 
546 |a En Español 
518 |p Jornadas Universitarias de Cultura Humanística, 10, Montserrat, Marzo de 2011 
999 |c 384924  |d 384922 
952 |0 0  |1 0  |3 erb  |4 0  |6 248_894000000000000_TRA_2012  |7 0  |8 A  |9 507936  |a BIBTEO  |b BIBTEO  |i 5439833  |o 248.894 TRA 2012  |p 5439833  |r 2025-01-17  |w 2020-01-23  |y BK  |z Catalogado en:20171201  |k ICR